ا ند ا ز نظر / (Record no. 57874)
[ view plain ]
| 000 -LEADER | |
|---|---|
| fixed length control field | 00662nam a22002057a 4500 |
| 005 - DATE AND TIME OF LATEST TRANSACTION | |
| control field | 20200128131149.0 |
| 010 ## - LCCN (DPL NO) | |
| LC control number | UR-7980 B-429290 |
| 020 ## - INTERNATIONAL STANDARD BOOK NUMBER | |
| Terms of availability | 200.00 |
| International Standard Book Number | 9788180421822 |
| 035 ## - SYSTEM CONTROL NUMBER | |
| System control number | U-6535 |
| 035 ## - SYSTEM CONTROL NUMBER | |
| System control number | B-429290 |
| 037 ## - SOURCE OF ACQUISITION | |
| Source of stock number/acquisition | DBAD/PUB |
| 082 ## - DEWEY DECIMAL CLASSIFICATION NUMBER | |
| Classification number | 844 |
| 100 ## - MAIN ENTRY--PERSONAL NAME | |
| Personal name | ا حتشا م ا ختر |
| 245 ## - TITLE STATEMENT | |
| Title | ا ند ا ز نظر / |
| Statement of responsibility, etc | ا حتشا م ا ختر |
| 246 ## - VARYING FORM OF TITLE | |
| Title proper/short title | Andaz-e-Nazar / |
| Remainder of title | by Ehtesham Akhtar |
| 260 ## - PUBLICATION, DISTRIBUTION, ETC. (IMPRINT) | |
| Place of publication, distribution, etc | دہلی |
| Date of publication, distribution, etc | 2010 ء |
| Name of publisher, distributor, etc | مو ڈ ر ن پبلشنگ ہا ؤ س |
| 270 ## - ADDRESS | |
| Address | 9,Gola Market, Darya Ganj,New Delhi -2 |
| City | Delhi |
| Postal code | 110002 |
| Telephone number | 011-23278869 |
| 300 ## - PHYSICAL DESCRIPTION | |
| Extent | 160p. |
| Dimensions | 22cm(Hb) |
| 942 ## - ADDED ENTRY ELEMENTS (KOHA) | |
| Source of classification or shelving scheme | Dewey Decimal Classification |
| Item type | Urdu Bks |
| Classification part | 844 |
| Call number suffix | ا خ ت |
| Withdrawn status | Lost status | Not for loan | Collection code | Home library | Current library | Date acquired | Source of acquisition | Cost, normal purchase price | Full call number | Barcode | Copy number | Cost, replacement price | Koha item type |
|---|---|---|---|---|---|---|---|---|---|---|---|---|---|
| Non-fiction | Central Library | Central Library | 20/11/2012 | KKP/B.NO.141/23.3.2011 | 200.00 | 844 ا خ ت | B-429290 | 1 | 200.00 | Urdu Bks | |||
| Non-fiction | D.B.Act.Division | D.B.Act.Division | 28/10/2011 | DBAD / PUB | 200.00 | 844 ا ح ت | U-6535 | 1 | 200.00 | Urdu Bks | |||
| Non-fiction | Karol Bagh | Karol Bagh | 20/11/2012 | KKP/B.NO.141/23.3.2011 | 200.00 | 844 ا ح ت | B-429293 | 1 | 200.00 | Urdu Bks | |||
| Non-fiction | Mobile Library | Mobile Library | 20/11/2012 | KKP/B.NO.141/23.3.2011 | 200.00 | 844 ا ح ت | b-429291 | 1 | 200.00 | Urdu Bks | |||
| Non-fiction | Patel Nagar | Patel Nagar | 20/11/2012 | KKP/B.NO.141/23.3.2011 | 200.00 | 844 ا ح ت | B-429292 | 1 | 200.00 | Urdu Bks | |||
| Non-fiction | Shahdara Branch | Shahdara Branch | 20/11/2012 | KKP/B.NO.141/23.3.2011 | 200.00 | 844 ا ح ت | B-429294 | 1 | 200.00 | Urdu Bks |
